01069cam a22002531 4500001001300000003000400013005001700017008004100034010001700075035001800092040002800110042001200138050002200150110005200172245009700224250001100321260005900332300002600391500015500417504003300572500013700605650002900742650004400771pa 57000004 DLC20260227111853.0740410s1956 dcu b 001 0 eng  apa 57000004  a(OCoLC)853092 aDLCcOKentUdOCoLCdDLC apremarc00aML106.U3bH6 19562 aDistrict of Columbia Historical Records Survey.10aBio-bibliographical index of musicians in the United States of America since colonial times. a2d ed. aWashington,bMusic Section, Pan American Union,c1956. axxiii, 439 p.c28 cm. a"This Index was first planned in 1936 by Keyes Porter ... It was revived and expanded in January 1940 under the supervision of Dr. Leonard Ellinwood." aBibliography: p. xvii-xxiii. a"A list of special studies, biographies, and autobiographies pertaining to the persons whose names appear in the Index": p. 421-439. 0aMusicxBio-bibliography. 0aMusiczUnited StatesxBio-bibliography.